000 01099nam0a22002771 4500
001 rc\2626971
005 20230504143956.0
035 _a(NLR Aleph) 006790507
090 _a6138937
_c6138937
100 _a20110914d1931 |||y0rusy50 ca
101 0 _arus
102 _aRU
105 _aa z |||||
200 1 _aАяхта. (Записки разъездного врача)
_fАлексей Югов
_gРис. и макет 2-ой бригады ИЗО Огиза С. Соколова, Е. Абрамовой
210 _a[Москва]
_cОгиз - Гос. изд-во юношеской и детской лит-ры Мол. гвардия
_d1931
_gтипо-лит. им. Воровского
215 _a88 с.
_cил.
_d20х14 см.
517 0 _aЗаписки разъездного врача
700 1 _aЮгов
_bА. К.
_f1902-1979
_gАлексей Кузьмич
702 1 _aАбрамова
_bЕ.
_4440
702 1 _aСоколов
_bС.
_4440
801 0 _aRU
_bNLR
_gpsbo
801 1 _aRU
_bELAR
_2rusmarc
852 _aNLR
_j31-8/5088
942 _cBOOK
980 _aNB